| 000 | 00374nam a22001337a 4500 | ||
|---|---|---|---|
| 082 |
_a823 _bKIN/D |
||
| 100 | _aKINNEY, JEFF | ||
| 245 | _aDIARY OF A WIMPYKID: GREY HEFLEY'S JOURNAL | ||
| 246 |
_aDIARY OF A WIMPYKID: GREY HEFLEY'S JOURNAL _bDIARY OF A WIMPYKID: GREY HEFLEY'S JOURNAL |
||
| 260 |
_aU K _bPUFFIN _c2015 |
||
| 300 | _a218 | ||
| 650 | _aENGLISH STORY | ||
| 942 | _cBK | ||
| 999 |
_c9117 _d9117 |
||